<?xml version="1.0" encoding="UTF-8"?>
<record
    xmlns:xsi="http://www.w3.org/2001/XMLSchema-instance"
    xsi:schemaLocation="http://www.loc.gov/MARC21/slim http://www.loc.gov/standards/marcxml/schema/MARC21slim.xsd"
    xmlns="http://www.loc.gov/MARC21/slim">

  <leader>00301 am a2200097 a 4500</leader>
  <controlfield tag="001">59333</controlfield>
  <controlfield tag="008">      |               e|     ||| 0|   ||</controlfield>
  <datafield tag="245" ind1="1" ind2="0">
    <subfield code="a">WHO classification of head and neck tumours </subfield>
    <subfield code="c">Adel K EL-Nagger, John K C Chan, Jennifer R Grandis</subfield>
  </datafield>
  <datafield tag="260" ind1=" " ind2=" ">
    <subfield code="a">Geneve: </subfield>
    <subfield code="b">IARC,</subfield>
    <subfield code="c">2017</subfield>
  </datafield>
  <datafield tag="300" ind1=" " ind2=" ">
    <subfield code="a"> 347s.</subfield>
  </datafield>
  <datafield tag="999" ind1=" " ind2=" ">
    <subfield code="c">43102</subfield>
    <subfield code="d">43102</subfield>
  </datafield>
</record>
